Metamaterials : (Record no. 17133)
[ view plain ]
| 000 -LEADER | |
|---|---|
| fixed length control field | 00862cam a22002657a 4500 |
| 001 - CONTROL NUMBER | |
| control field | 15916304 |
| 005 - DATE AND TIME OF LATEST TRANSACTION | |
| control field | 20121213104245.0 |
| 008 - FIXED-LENGTH DATA ELEMENTS--GENERAL INFORMATION | |
| fixed length control field | 090922s2010 nyua b 001 0 eng d |
| 020 ## - INTERNATIONAL STANDARD BOOK NUMBER | |
| International Standard Book Number | 1441905723 (hbk.) |
| 020 ## - INTERNATIONAL STANDARD BOOK NUMBER | |
| International Standard Book Number | 9781441905727 (hbk.) |
| 020 ## - INTERNATIONAL STANDARD BOOK NUMBER | |
| International Standard Book Number | 1441905731 |
| 020 ## - INTERNATIONAL STANDARD BOOK NUMBER | |
| International Standard Book Number | 9781441905734 |
| 082 04 - DEWEY DECIMAL CLASSIFICATION NUMBER | |
| Classification number | 620.11297 |
| Edition number | 22 |
| Item number | MET |
| 245 00 - TITLE STATEMENT | |
| Title | Metamaterials : |
| Remainder of title | Theory, Design, and Applications / |
| Statement of responsibility, etc | Tie Jun Cui, David R. Smith, Ruopeng Liu, editors. |
| 260 ## - PUBLICATION, DISTRIBUTION, ETC. (IMPRINT) | |
| Place of publication, distribution, etc | New York : |
| Name of publisher, distributor, etc | Springer, |
| Date of publication, distribution, etc | c2010. |
| 300 ## - PHYSICAL DESCRIPTION | |
| Extent | xxiii, 367 p. : |
| Other physical details | ill. ; |
| Dimensions | 24 cm. |
| 504 ## - BIBLIOGRAPHY, ETC. NOTE | |
| Bibliography, etc | Includes bibliographical references and index. |
| 650 #0 - SUBJECT ADDED ENTRY--TOPICAL TERM | |
| Topical term or geographic name as entry element | Metamaterials. |
| 9 (RLIN) | 31680 |
| 650 07 - SUBJECT ADDED ENTRY--TOPICAL TERM | |
| Topical term or geographic name as entry element | Metamaterial. |
| Source of heading or term | swd |
| 9 (RLIN) | 31681 |
| 653 ## - INDEX TERM--UNCONTROLLED | |
| Resource For college | |
| Arrived date list | December2012 |
| 700 1# - ADDED ENTRY--PERSONAL NAME | |
| Personal name | Cui, Tie Jun. |
| 9 (RLIN) | 31682 |
| 700 1# - ADDED ENTRY--PERSONAL NAME | |
| Personal name | Smith, David Richard, |
| Dates associated with a name | 1964- |
| 9 (RLIN) | 31683 |
| 700 1# - ADDED ENTRY--PERSONAL NAME | |
| Personal name | Liu, Ruopeng. |
| 9 (RLIN) | 31684 |
| 942 ## - ADDED ENTRY ELEMENTS (KOHA) | |
| Source of classification or shelving scheme | Dewey Decimal Classification |
| Item type | Book - Borrowing |
| Withdrawn status | Item status | Source of classification or shelving scheme | Damaged status | Not for loan | Vendor | Home library | Current library | Shelving location | Date acquired | Source of acquisition | Cost, normal purchase price | Serial Enumeration / chronology | Total Checkouts | Total Renewals | Full call number | Barcode | Date last seen | Date last borrowed | Koha item type |
|---|---|---|---|---|---|---|---|---|---|---|---|---|---|---|---|---|---|---|---|
| Dewey Decimal Classification | Baccah | Central Library | Central Library | First floor | 13/12/2012 | 973.00 | 16606 | 2 | 29 | 620.11297 MET | 000027873 | 15/07/2025 | 19/12/2017 | Book - Borrowing |